000 00727nam a2200229Ii 4500
003 JO-AjNU
008 230605s9999||||xx |||||||||||||| ||und||
017 _a2016/7/3236
020 _a978-9957-56-354-0
040 _aJO-AjNU
_bara
_erda
_cJO-AjNU
041 _aara
050 1 4 _aHD62.15.D39 2022
100 3 _aديري، زاهد محمد,
_eauthor
_963823
245 0 0 _aادارة الجودة الشاملة
250 _aط1
264 3 1 _aعمان: دار الابتكار للنشر والتوزيع، 2022
300 _a261ص
336 _atext
_btxt
_2rdacontent
337 _aunmediated
_bn
_2rdamedia
338 _avolume
_bnc
_2rdacarrier
650 4 _aادارة الجودة-ادارة الاعمال
_963824
999 _aA28970
_c32538
_d32538